000 00613nam a2200205Ia 4500
003 GCL
008 140319s9999 xx 000 0 ara d
020 _a0136245977
040 _aGCL /
_cGCL
082 0 4 _a338.4791
_bف ا
100 1 _aفؤادة البكرى
245 1 0 _aالاعلام السياحى /
_cفؤادة البكرى
250 _aالاولى
260 _aالقاهرة :
_bدار نهضة الشرق ،
_c2001
300 _a312 ص ؛
_c24 سم
650 0 4 _aالاعلام
650 0 4 _aالسياحة والدولة
650 0 4 _aالسياحة - اقتصاديات
942 _2ddc
_cBK
999 _c5287
_d5287